Library of the University of Algiers 3
Ibrahim Sultan Cheibout
شعار جامعة الجزائر 3
مكتبة جامعة الجزائر 3
إبراهيم سلطان شيبوط

تحليل البيانات الاحصائية باستخدام البرنامج الاحصائي SPPS : (رقم التسجيلة. 45674)

تفاصيل مارك
000 -LEADER
fixed length control field 01121nam a2200253Ia 4500
003 - CONTROL NUMBER IDENTIFIER
control field Ost
005 - DATE AND TIME OF LATEST TRANSACTION
control field 20260507075654.0
008 - FIXED-LENGTH DATA ELEMENTS--GENERAL INFORMATION
fixed length control field 260507s9999||||xx |||||||||||||| ||und||
020 ## - INTERNATIONAL STANDARD BOOK NUMBER
International Standard Book Number 9957320629
040 ## - CATALOGING SOURCE
Transcribing agency fsecg
041 ## - LANGUAGE CODE
Language code of text/sound track or separate title ara
082 ## - DEWEY DECIMAL CLASSIFICATION NUMBER
Classification number 519.50285
100 ## - MAIN ENTRY--PERSONAL NAME
Personal name البياتي، محمود حمدي
Relator term مؤلف
245 #0 - TITLE STATEMENT
Title تحليل البيانات الاحصائية باستخدام البرنامج الاحصائي SPPS :
Remainder of title معالجة البيانات مع اجتياز شروط التحليل وتفسير النتائج /
Statement of responsibility, etc. محمود حمدي البياتي
260 ## - PUBLICATION, DISTRIBUTION, ETC.
Place of publication, distribution, etc. عمان:
Name of publisher, distributor, etc. دار الحامد,
Date of publication, distribution, etc. 2005
300 ## - PHYSICAL DESCRIPTION
Extent 144 صفحة؛
Other physical details إيضاحات ؛
Dimensions 24 سم
504 ## - BIBLIOGRAPHY, ETC. NOTE
Bibliography, etc. note المراجع ص.144
520 ## - SUMMARY, ETC.
Summary, etc. تشغيل البرنامج وادخال البيانات، تحويل البيانات، التطبيقات الاحصائية، مواضيع متقدمة.
653 ## - INDEX TERM--UNCONTROLLED
Uncontrolled term الإحصاء التحليلي- معالجة بيانات
653 ## - INDEX TERM--UNCONTROLLED
Uncontrolled term الإحصاء- معالجة بيانات
653 ## - INDEX TERM--UNCONTROLLED
Uncontrolled term برامج الحاسوب
653 ## - INDEX TERM--UNCONTROLLED
Uncontrolled term SPPS
942 ## - ADDED ENTRY ELEMENTS (KOHA)
Koha item type كتب
المقتنيات
Withdrawn status Lost status Source of classification or shelving scheme Damaged status Not for loan Home library Current library Date acquired Serial enumeration / chronology Inventory number Total checkouts Full call number Barcode Date last seen Price effective from Koha item type
    Library of Congress Classification   NOT LOAN / إعارة داخلية مكتبة كلية العلوم الإقتصادية والعلوم التجارية وعلوم التسيير مكتبة كلية العلوم الإقتصادية والعلوم التجارية وعلوم التسيير 07/05/2026 الطابق الأرضي 1814/1   أ/1814ن1 1814/1 07/05/2026 07/05/2026 كتب
    Dewey Decimal Classification   Available مكتبة كلية العلوم الإقتصادية والعلوم التجارية وعلوم التسيير مكتبة كلية العلوم الإقتصادية والعلوم التجارية وعلوم التسيير 07/05/2026 الطابق الأرضي 1814/2   أ/1814ن2 1814/2 07/05/2026 07/05/2026 كتب
    Dewey Decimal Classification   Available مكتبة كلية العلوم الإقتصادية والعلوم التجارية وعلوم التسيير مكتبة كلية العلوم الإقتصادية والعلوم التجارية وعلوم التسيير 07/05/2026 الطابق الثاني 1814/3   أ/1814ن3 1814/3 07/05/2026 07/05/2026 كتب
    Dewey Decimal Classification   Available مكتبة كلية العلوم الإقتصادية والعلوم التجارية وعلوم التسيير مكتبة كلية العلوم الإقتصادية والعلوم التجارية وعلوم التسيير 07/05/2026 الطابق الثاني 1814/4   أ/1814ن4 1814/4 07/05/2026 07/05/2026 كتب

موارد الويب المفتوحة


© University of Algiers 3 All Rights Reserved
|
Implemented by LECHELAH Riad